| 000 | 00885cam a2200301 i 4500 | ||
|---|---|---|---|
| 001 | 200461391 | ||
| 003 | TR-AnTOB | ||
| 005 | 20240628173636.0 | ||
| 007 | ta | ||
| 008 | 240628s2021 tu 000 0 tur d | ||
| 020 | _a9786057480446 | ||
| 040 |
_aTR-AnTOB _beng _erda _cTR-AnTOB |
||
| 041 | 0 | _atur | |
| 050 | 4 |
_aPL234 _b.A775 2021 |
|
| 090 | 0 | 0 |
_aPL234 _b.A775 2021 TıpFaK |
| 100 | 1 |
_aArslantaş, Hacı Bayram _eauthor _9145990 |
|
| 245 | 1 | 0 |
_aAy parçası / _cHacı Bayram Arslantaş ; editör Seher Başel. |
| 250 | _a1. basım | ||
| 264 | 1 |
_aAnkara : _bGünce Yayınları, _c2021. |
|
| 300 |
_a142 pages ; _c20 cm |
||
| 336 |
_atext _btxt _2rdacontent |
||
| 337 |
_aunmediated _bn _2rdamedia |
||
| 338 |
_avolume _bnc _2rdacarrier |
||
| 650 | 7 |
_aTürk şiiri _2etuturkob _984273 |
|
| 700 | 1 |
_aBaşel, Seher _eeditor _9145991 |
|
| 942 |
_2lcc _cBK |
||
| 999 |
_c200461391 _d79603 |
||